00253nam a2200085Ia 4500008004100000020001800041245007000059260002400129300001400153180116s9999 xx 000 0 und d a9789814371247 cRoger Walker, Cate WhittleseaaClinical Pharmacy and Therapeutics bElsevier Ltd.c2012 a983 pages